Central Library OPAC University of Rajshahi

The microscopical characters of artificial inorganic solid substances : (Record no. 69880)

MARC details
000 -LEADER
fixed length control field 01104nam a2200301 a 4500
001 - CONTROL NUMBER
control field 69880
003 - CONTROL NUMBER IDENTIFIER
rucl marc code BD-RjUL
005 - DATE AND TIME OF LATEST TRANSACTION
control field 20211209081933.0
008 - FIXED-LENGTH DATA ELEMENTS--GENERAL INFORMATION
fixed length control field 170415s1964 nyua b 001 0 eng c
035 ## - SYSTEM CONTROL NUMBER
System control number (BD-RjUL)70092
040 ## - CATALOGING SOURCE
Original cataloging agency DLC/ICU
Transcribing agency CGU
Modifying agency UKM
-- UBA
-- BD-RjUL
Language of cataloging eng
041 ## - LANGUAGE CODE
Language code of text/sound track or separate title eng
082 0# - DEWEY DECIMAL CLASSIFICATION NUMBER
Classification number 549.125
Edition number 23
Author mark and year WIM 1964
100 1# - MAIN ENTRY--PERSONAL NAME
Personal name Winchell, Alexander Newton,
Dates associated with a name 1874-1958.
9 (RLIN) 206950
245 14 - TITLE STATEMENT
Title The microscopical characters of artificial inorganic solid substances :
Remainder of title optical properties of artificial minerals /
Statement of responsibility, etc. by Alexander Newton Winchell and Horace Winchell.
250 ## - EDITION STATEMENT
Edition statement 3d ed.
260 ## - PUBLICATION, DISTRIBUTION, ETC. (IMPRINT)
Place of publication, distribution, etc. New York :
Name of publisher, distributor, etc. Academic Press,
Date of publication, distribution, etc. 1964.
300 ## - PHYSICAL DESCRIPTION
Pagination xiii, 439 p. :
Illustrations ill. ;
Size 24 cm.
500 ## - GENERAL NOTE
General note First ed. published in 1927 under title: The optic and microscopic characters of artificial minerals.
General note Errata slip inserted.
504 ## - BIBLIOGRAPHY, ETC. NOTE
Bibliography, etc Bibliographical footnotes.
650 #0 - SUBJECT ADDED ENTRY--TOPICAL TERM
Topical term or geographic name as entry element Optical mineralogy.
9 (RLIN) 157877
Topical term or geographic name as entry element Crystal optics.
9 (RLIN) 165411
Topical term or geographic name as entry element Mineralogy.
9 (RLIN) 206951
700 1# - ADDED ENTRY--PERSONAL NAME
Personal name Winchell, Horace.
942 ## - ADDED ENTRY ELEMENTS (KOHA)
Source of classification or shelving scheme Dewey Decimal Classification
Koha item type Books
Holdings
Lost status Source of classification or shelving scheme Damaged status Not for loan Collection code Permanent Location Current Location Shelving location Date acquired Source of acquisition Cost, normal purchase price Total Checkouts Full call number Date last seen Copy number Koha item type
  Dewey Decimal Classification   Not For Loan Non-fiction Central Library, University of Rajshahi Central Library, University of Rajshahi Reading Room 23/04/1968 Zeithinger 137.06   549.125 WIM 1964 15/04/2017 C-1 Books